[Event "Gothenburg op"]
[Site "Gothenburg"]
[Date "2022.08.14"]
[Round "8"]
[White "Wahlstrom, Lennart"]
[Black "Johansson, William"]
[Result "0-1"]
[WhiteElo "2115"]
[BlackElo "2015"]
[PlyCount "47"]
[EventDate "2022.08.12"]
[EventType "swiss"]
[EventRounds "8"]
[EventCountry "SWE"]
[SourceTitle "CBM 209 Extra"]
[Source "ChessBase"]
[SourceDate "2022.09.30"]
[SourceVersion "1"]
[SourceVersionDate "2022.09.30"]
[SourceQuality "1"]

1. e4 d6 2. d4 Nf6 3. Nc3 Nbd7 4. Nf3 e5 5. Be2 Be7 6. 0-0 c6 7. a4 Qc7 8. a5 Nf8 9. h3 h6 10. Be3 g5 11. Nh2 Ne6 12. dxe5 dxe5 13. Ng4 Nd7 14. Bc4 Nf4 15. Bxf4 gxf4 16. Qe2 Nc5 17. Nh2 Ne6 18. Qh5 Ng5 19. Nf3 Bf6 20. Rfd1 Be6 21. Bxe6 Nxe6 22. Rd2 Ng7 23. Rdd1 Ne6 24. Qf5 0-1

[Event "Deltalift op"]
[Site "Tylosand"]
[Date "2019.05.31"]
[Round "6"]
[White "Wahlstrom, Lennart"]
[Black "Berglind, Axel"]
[Result "1-0"]
[WhiteElo "2196"]
[BlackElo "2072"]
[PlyCount "95"]
[EventDate "2019.05.30"]
[EventType "swiss"]
[EventRounds "8"]
[EventCountry "SWE"]
[SourceTitle "CBM 190 Extra"]
[Source "ChessBase"]
[SourceDate "2019.07.15"]
[SourceVersion "1"]
[SourceVersionDate "2019.07.15"]
[SourceQuality "1"]

1. e4 c5 2. Nf3 d6 3. d4 cxd4 4. Nxd4 Nf6 5. Nc3 a6 6. Be2 e5 7. Nb3 Be7 8. 0-0 Be6 9. Be3 Nbd7 10. f4 exf4 11. Rxf4 Ne5 12. Nd5 Rc8 13. Bb6 Qd7 14. Rc1 Ng6 15. Nxe7 Qxe7 16. Rf1 Nxe4 17. Qd4 f5 18. c4 0-0 19. Bf3 Ng5 20. Bh5 Ne5 21. c5 Ne4 22. cxd6 Qxd6 23. Qxd6 Nxd6 24. Bc7 Nec4 25. Nd4 Bd7 26. Bxd6 Nxd6 27. Bf3 Rxc1 28. Bd5+ Kh8 29. Rxc1 Rc8 30. Re1 Re8 31. Rc1 Rc8 32. Re1 Ne4 33. Bxb7 Rb8 34. Bxe4 fxe4 35. b3 Re8 36. Kf2 Bc8 37. Ke3 g6 38. Rc1 Bf5 39. Rc6 Bc8 40. b4 Kg7 41. a4 Kf7 42. Rc7+ Kf6 43. b5 axb5 44. axb5 Ke5 45. Rxh7 Bf5 46. b6 Ra8 47. Ra7 Rc8 48. Ra5+ 1-0

[Event "Deltalift op"]
[Site "Tylosand"]
[Date "2018.05.12"]
[Round "7"]
[White "Wahlstrom, Lennart"]
[Black "Berggren Torell, Harald"]
[Result "1/2-1/2"]
[WhiteElo "2200"]
[BlackElo "2114"]
[PlyCount "127"]
[EventDate "2018.05.10"]
[EventType "swiss"]
[EventRounds "8"]
[EventCountry "SWE"]
[SourceTitle "CBM 184 Extra"]
[Source "ChessBase"]
[SourceDate "2018.06.28"]
[SourceVersion "1"]
[SourceVersionDate "2018.06.28"]
[SourceQuality "1"]

1. e4 d6 2. d4 g6 3. Nf3 Bg7 4. Nc3 Nf6 5. Be2 a6 6. 0-0 Nc6 7. h3 0-0 8. Bf4 b5 9. e5 Nd7 10. Re1 b4 11. Nd5 Bb7 12. Bf1 Re8 13. Qd2 Nxd4 14. Qxd4 Nxe5 15. Nxe5 dxe5 16. Bxe5 Bxe5 17. Rxe5 e6 18. Qxb4 Bxd5 19. c4 Qd6 20. Qxd6 cxd6 21. Re3 Bc6 22. b4 d5 23. cxd5 Bxd5 24. Rc3 Reb8 25. a3 a5 26. b5 a4 27. Rc7 Bb3 28. Rac1 Rb6 29. Kh2 Rd8 30. Rc8 Rxc8 31. Rxc8+ Kg7 32. Rc6 Rb8 33. f4 h5 34. Kg3 Kf6 35. Kf2 Rb7 36. Ke3 h4 37. Rc5 Bd5 38. Kd4 Rd7 39. Ke3 Rb7 40. Rc8 e5 41. fxe5+ Kxe5 42. Re8+ Be6 43. Ra8 Bb3 44. Be2 g5 45. Rg8 Re7 46. Kd3 f6 47. Rc8 Bd5 48. Bf1 f5 49. Kc3 Kd6 50. Rd8+ Kc5 51. Rc8+ Kb6 52. Rf8 f4 53. Rf6+ Kc5 54. Rf5 Re3+ 55. Bd3 Kd6 56. Kd4 Bxg2 57. Rxg5 Rg3 58. Rh5 f3 59. Rh6+ Ke7 60. Rxh4 f2 61. Rf4 Rxd3+ 62. Kxd3 f1Q+ 63. Rxf1 Bxf1+ 64. Kc3 1/2-1/2

[Event "Deltalift op"]
[Site "Tylosand"]
[Date "2016.05.06"]
[Round "5"]
[White "Haugli, Petter"]
[Black "Wahlstrom, Lennart"]
[Result "0-1"]
[WhiteElo "2254"]
[BlackElo "2153"]
[PlyCount "188"]
[EventDate "2016.05.05"]
[EventType "swiss"]
[EventRounds "8"]
[EventCountry "SWE"]
[SourceTitle "CBM 172 Extra"]
[Source "ChessBase"]
[SourceDate "2016.06.21"]
[SourceVersion "1"]
[SourceVersionDate "2016.06.21"]
[SourceQuality "1"]

1. d4 d5 2. c4 e6 3. Nc3 c5 4. cxd5 exd5 5. Nf3 Nc6 6. dxc5 d4 7. Na4 Bxc5 8. Nxc5 Qa5+ 9. Bd2 Qxc5 10. Rc1 Qb6 11. e3 Nge7 12. Bc4 0-0 13. exd4 Nxd4 14. 0-0 Nec6 15. Bc3 Nb5 16. Bxb5 Qxb5 17. Nd4 Qg5 18. Nxc6 bxc6 19. Re1 Bg4 20. Qd3 Bf5 21. Qf3 Qg6 22. Bb4 Rfe8 23. Rxc6 Rxe1+ 24. Bxe1 Re8 25. Rc1 Qg5 26. Ra1 Be4 27. Qg3 Qxg3 28. hxg3 Bd5 29. Bc3 h5 30. Rd1 Be6 31. Rd6 Bxa2 32. Ra6 Bc4 33. Rxa7 Rd8 34. Ra5 Rd1+ 35. Kh2 Rd5 36. Ra8+ Kh7 37. Rc8 Bd3 38. f3 Ba6 39. Rc7 Kg8 40. b4 Bb5 41. Be1 Bd3 42. Bf2 Be2 43. Kh3 Bf1 44. Rc1 Bb5 45. Be3 Kh7 46. Kh2 Kg6 47. Kg1 Be2 48. Kf2 Bb5 49. Bf4 Rd4 50. Rb1 Kf5 51. Be3 Rd5 52. Rc1 Ke6 53. Re1 Kf6 54. Bc5 Rd2+ 55. Kg1 Bc6 56. Ra1 Ke6 57. Ra6 Rd1+ 58. Kh2 Kd7 59. Ra7+ Ke6 60. Re7+ Kf6 61. Rc7 Ba4 62. Rb7 Rd5 63. Kh3 g6 64. Bf8 Bd7+ 65. Kh2 Ke6 66. Rb6+ Kf5 67. Be7 Ke5 68. Bf6+ Kf5 69. Bg7 Kg5 70. Bf6+ Kh6 71. f4 Rb5 72. Rd6 Rb7 73. b5 Kh7 74. b6 Kg8 75. Bd8 Kf8 76. Bc7 Ke7 77. Rd2 Be6 78. Kg1 Kf6 79. Kf2 Kf5 80. Rc2 Bd5 81. Re2 f6 82. Rd2 Ke4 83. Rb2 Kf5 84. Rb5 Ke4 85. Ra5 Kd4 86. Ra8 Ke4 87. Rf8 Kf5 88. Bd8 Rb8 89. Rxf6+ Ke4 90. Bc7 Ra8 91. Rxg6 Ra2+ 92. Ke1 Ke3 93. Kd1 Ra1+ 94. Kc2 Be4+ 0-1

[Event "Deltalift op"]
[Site "Tylosand"]
[Date "2016.05.06"]
[Round "6"]
[White "Wahlstrom, Lennart"]
[Black "Welin, Mats Erik Thomas"]
[Result "1-0"]
[WhiteElo "2153"]
[BlackElo "2338"]
[PlyCount "57"]
[EventDate "2016.05.05"]
[EventType "swiss"]
[EventRounds "8"]
[EventCountry "SWE"]
[SourceTitle "CBM 172 Extra"]
[Source "ChessBase"]
[SourceDate "2016.06.21"]
[SourceVersion "1"]
[SourceVersionDate "2016.06.21"]
[SourceQuality "1"]

1. e4 e5 2. Nf3 Nc6 3. Nc3 Nf6 4. d4 Bb4 5. Nxe5 Bxc3+ 6. bxc3 Qe7 7. Nxc6 Qxe4+ 8. Qe2 dxc6 9. Qxe4+ Nxe4 10. Bb2 Be6 11. Bd3 Nd6 12. 0-0 0-0-0 13. Rfe1 Rhe8 14. a4 a5 15. Ba3 Nc4 16. Rxe6 fxe6 17. Bxc4 Kd7 18. Re1 b6 19. Re3 Rb8 20. Rf3 b5 21. Rf7+ Kd8 22. axb5 cxb5 23. Bb3 b4 24. cxb4 axb4 25. Bb2 Re7 26. Rf8+ Re8 27. Rxe8+ Kxe8 28. Bxe6 Rb6 29. Bb3 1-0

[Event "Deltalift op"]
[Site "Tylosand"]
[Date "2016.05.05"]
[Round "3"]
[White "Brynell, Stellan"]
[Black "Wahlstrom, Lennart"]
[Result "1-0"]
[WhiteElo "2445"]
[BlackElo "2153"]
[PlyCount "87"]
[EventDate "2016.05.05"]
[EventType "swiss"]
[EventRounds "8"]
[EventCountry "SWE"]
[SourceTitle "CBM 172 Extra"]
[Source "ChessBase"]
[SourceDate "2016.06.21"]
[SourceVersion "1"]
[SourceVersionDate "2016.06.21"]
[SourceQuality "1"]

1. d4 d5 2. c4 e6 3. Nf3 c5 4. cxd5 exd5 5. Nc3 Nc6 6. g3 Nf6 7. Bg2 Bg4 8. Bg5 cxd4 9. Nxd4 Be7 10. 0-0 0-0 11. Rc1 h6 12. Be3 Qd7 13. Qa4 Rac8 14. Nxc6 bxc6 15. Qxa7 Qxa7 16. Bxa7 Bb4 17. f3 Be6 18. Bd4 Be7 19. Na4 Ra8 20. b3 Ra6 21. e3 Nd7 22. Rf2 Ba3 23. Bb2 Bxb2 24. Rxb2 Rc8 25. Nc5 Nxc5 26. Rxc5 Ra3 27. Kf2 Bd7 28. Bf1 Rca8 29. Rcc2 Bf5 30. Rd2 Kf8 31. g4 Bg6 32. b4 Re8 33. Rb3 Rxb3 34. axb3 Rb8 35. b5 cxb5 36. Rxd5 b4 37. e4 Rb7 38. Ke3 f6 39. Rb5 Rc7 40. Rxb4 Rc3+ 41. Bd3 Bf7 42. Rb8+ Ke7 43. Rb7+ Kf8 44. Kd4 1-0

[Event "Koge Xtracon op"]
[Site "Koge"]
[Date "2013.10.19"]
[Round "7"]
[White "Bekker Jensen, David"]
[Black "Wahlstrom, Lennart"]
[Result "1-0"]
[WhiteElo "2321"]
[BlackElo "2105"]
[PlyCount "67"]
[EventDate "2013.10.14"]
[EventType "swiss"]
[EventRounds "9"]
[EventCountry "DEN"]
[SourceTitle "EXT 2014"]
[Source "ChessBase"]
[SourceDate "2013.11.20"]
[SourceVersion "1"]
[SourceVersionDate "2013.11.20"]
[SourceQuality "1"]

1. d4 d5 2. c4 e6 3. Nc3 c5 4. cxd5 exd5 5. Nf3 Nc6 6. dxc5 d4 7. Na4 Nf6 8. e3 Bg4 9. Be2 b5 10. Nxd4 bxa4 11. Bxg4 Nxg4 12. Qxg4 Qd5 13. Nb5 Qd7 14. Qe4+ Be7 15. Nd6+ Kf8 16. Qxa4 Rb8 17. a3 h5 18. 0-0 Rh6 19. e4 Rg6 20. Nf5 Bxc5 21. b4 Bb6 22. Bf4 Re8 23. Rad1 Qe6 24. Bd6+ Kg8 25. Qxc6 Rg4 26. e5 Kh7 27. Ne3 Rg5 28. Qe4+ f5 29. Qf4 Qg6 30. g3 h4 31. Qxh4+ Rh5 32. Qf4 Rh8 33. h4 Kg8 34. Ng2 1-0

[Event "Koge Xtracon op"]
[Site "Koge"]
[Date "2013.10.14"]
[Round "1"]
[White "Akdag, Dara Sevkan"]
[Black "Wahlstrom, Lennart"]
[Result "0-1"]
[WhiteElo "2278"]
[BlackElo "2105"]
[PlyCount "46"]
[EventDate "2013.10.14"]
[EventType "swiss"]
[EventRounds "9"]
[EventCountry "DEN"]
[SourceTitle "EXT 2014"]
[Source "ChessBase"]
[SourceDate "2013.11.20"]
[SourceVersion "1"]
[SourceVersionDate "2013.11.20"]
[SourceQuality "1"]

1. d4 d5 2. c4 e6 3. Nc3 c5 4. cxd5 exd5 5. Nf3 Nc6 6. g3 Nf6 7. Bg2 Bg4 8. 0-0 Bxf3 9. Bxf3 cxd4 10. Nb5 Qb6 11. a4 a6 12. Na3 Be7 13. Nc2 0-0 14. a5 Nxa5 15. Nxd4 Bc5 16. Nf5 Nb3 17. Ra4 Rfe8 18. Bg5 Ne4 19. Be3 Qb5 20. Ra2 Bxe3 21. Nxe3 d4 22. Ra3 Ned2 23. Ng2 Rac8 0-1

[Event "Gothenburg op"]
[Site "Gothenburg"]
[Date "2012.08.15"]
[Round "7"]
[White "Persson, Borje"]
[Black "Wahlstrom, Lennart"]
[Result "0-1"]
[WhiteElo "1866"]
[BlackElo "1866"]
[PlyCount "34"]
[EventDate "2012.08.11"]
[EventType "swiss"]
[EventRounds "9"]
[EventCountry "SWE"]
[SourceTitle "CBM 149 Extra"]
[Source "ChessBase"]
[SourceDate "2012.08.24"]
[SourceVersion "1"]
[SourceVersionDate "2012.08.24"]
[SourceQuality "1"]

1. e4 e5 2. Nf3 Nc6 3. Bb5 a6 4. Ba4 Nf6 5. 0-0 Be7 6. Re1 b5 7. Bb3 0-0 8. c3 d5 9. exd5 Nxd5 10. Nxe5 Nxe5 11. Rxe5 Nb6 12. d4 Bd6 13. Bg5 Qd7 14. Re1 Bb7 15. Nd2 Rae8 16. Nf1 Rxe1 17. Qxe1 Qg4 0-1

[Event "Gothenburg op"]
[Site "Gothenburg"]
[Date "2012.08.14"]
[Round "5"]
[White "Bejtovic, Jasmin"]
[Black "Wahlstrom, Lennart"]
[Result "1-0"]
[WhiteElo "1866"]
[BlackElo "1866"]
[PlyCount "71"]
[EventDate "2012.08.11"]
[EventType "swiss"]
[EventRounds "9"]
[EventCountry "SWE"]
[SourceTitle "CBM 149 Extra"]
[Source "ChessBase"]
[SourceDate "2012.08.24"]
[SourceVersion "1"]
[SourceVersionDate "2012.08.24"]
[SourceQuality "1"]

1. d4 d5 2. c4 e6 3. Nc3 c5 4. cxd5 exd5 5. Nf3 Nc6 6. g3 Nf6 7. Bg2 Bg4 8. dxc5 Bxc5 9. 0-0 0-0 10. a3 a6 11. b4 Ba7 12. Bg5 h6 13. Bxf6 Qxf6 14. Nxd5 Qb2 15. Qd3 Bxf3 16. Qxf3 Nd4 17. Ne7+ Kh8 18. Qxb7 Nxe2+ 19. Kh1 Bxf2 20. Rab1 Qf6 21. Nd5 Qf5 22. Nf4 Nxf4 23. gxf4 Ra7 24. Qf3 Bb6 25. Rbc1 Rd8 26. Bh3 Qd5 27. Qxd5 Rxd5 28. Rc6 Bc7 29. Rf2 a5 30. Bf1 axb4 31. axb4 Rd4 32. b5 Rb7 33. f5 Be5 34. Bc4 Rf4 35. Ra2 Rb8 36. b6 1-0

[Event "Gothenburg op"]
[Site "Gothenburg"]
[Date "2012.08.13"]
[Round "4"]
[White "Wahlstrom, Lennart"]
[Black "Bjorkdahl, Daniel"]
[Result "1/2-1/2"]
[WhiteElo "1866"]
[BlackElo "1866"]
[PlyCount "90"]
[EventDate "2012.08.11"]
[EventType "swiss"]
[EventRounds "9"]
[EventCountry "SWE"]
[SourceTitle "CBM 149 Extra"]
[Source "ChessBase"]
[SourceDate "2012.08.24"]
[SourceVersion "1"]
[SourceVersionDate "2012.08.24"]
[SourceQuality "1"]

1. e4 c5 2. Nf3 d6 3. d4 cxd4 4. Nxd4 Nf6 5. Nc3 g6 6. Be2 Bg7 7. 0-0 0-0 8. Nb3 Be6 9. Be3 Nc6 10. f4 Na5 11. f5 Bc4 12. Nxa5 Bxe2 13. Qxe2 Qxa5 14. Bd4 a6 15. fxg6 hxg6 16. Kh1 b5 17. Bxf6 Bxf6 18. Nd5 Bxb2 19. Nxe7+ Kg7 20. Rab1 Be5 21. Rb3 Rh8 22. h3 Qc7 23. Nd5 Qd8 24. a4 Qh4 25. Qf3 Rhf8 26. Ne3 bxa4 27. Rb7 Qf6 28. Qg4 Qxf1+ 29. Nxf1 a3 30. Nd2 a2 31. Nb3 Rab8 32. Qd7 a5 33. c3 Bxc3 34. Rxb8 Rxb8 35. Qa4 a1Q+ 36. Nxa1 Rb1+ 37. Kh2 Rxa1 38. Qc4 Be5+ 39. g3 a4 40. Kg2 a3 41. Kf3 Rg1 42. Kg4 Rxg3+ 43. Kh4 Rg2 44. Qxf7+ Kh8 45. Qh7+ Kxh7 1/2-1/2

[Event "Gothenburg Elo"]
[Site "Gothenburg"]
[Date "2011.08.15"]
[Round "3"]
[White "Wahlstrom, Lennart"]
[Black "Bengtsson, Jonas"]
[Result "0-1"]
[WhiteElo "2134"]
[BlackElo "2027"]
[PlyCount "92"]
[EventDate "2011.08.13"]
[EventType "tourn"]
[EventRounds "10"]
[EventCountry "SWE"]
[SourceTitle "CBM 144 Extra"]
[Source "ChessBase"]
[SourceDate "2011.10.28"]
[SourceVersion "1"]
[SourceVersionDate "2011.10.28"]
[SourceQuality "1"]

1. e4 c5 2. Nf3 e6 3. d4 cxd4 4. Nxd4 Nf6 5. Nc3 d6 6. Be2 a6 7. 0-0 Be7 8. Be3 0-0 9. f4 Qc7 10. Qe1 b5 11. a3 Bb7 12. Bd3 Nbd7 13. Qg3 Nc5 14. e5 Nfe4 15. Nxe4 Nxe4 16. Bxe4 Bxe4 17. f5 exf5 18. Bh6 g6 19. Bxf8 Bxf8 20. e6 Bg7 21. exf7+ Kxf7 22. c3 Re8 23. Rae1 Kg8 24. h4 Qe7 25. Nf3 Kh8 26. Ng5 d5 27. Nf3 a5 28. Re2 b4 29. axb4 axb4 30. cxb4 Qxb4 31. Rc1 Bxb2 32. Rb1 Qc5+ 33. Kh1 Bf6 34. Rb8 Rxb8 35. Qxb8+ Kg7 36. Ra2 Qc1+ 37. Kh2 Bxf3 38. Ra7+ Kh6 39. Qf8+ Kh5 40. Rxh7+ Kg4 41. Qd6 Qf4+ 42. Qxf4+ Kxf4 43. gxf3 Kxf3 44. Rh6 d4 45. Kg1 d3 46. Rh7 Bd4+ 0-1

[Event "Gothenburg Manhem-B"]
[Site "Gothenburg"]
[Date "2010.08.12"]
[Round "3"]
[White "Wahlstrom, Lennart"]
[Black "Wihlborn, Bengt"]
[Result "1-0"]
[WhiteElo "2169"]
[BlackElo "1899"]
[PlyCount "115"]
[EventDate "2010.08.10"]
[EventType "tourn"]
[EventRounds "9"]
[EventCountry "SWE"]
[SourceTitle "CBM 137 Extra"]
[Source "ChessBase"]
[SourceDate "2010.09.01"]
[SourceVersion "1"]
[SourceVersionDate "2010.09.01"]
[SourceQuality "1"]

1. e4 c5 2. Nf3 e6 3. d4 cxd4 4. Nxd4 a6 5. Be2 Qc7 6. 0-0 Nf6 7. Nc3 Be7 8. Be3 0-0 9. f4 d6 10. Kh1 b5 11. Bf3 Bb7 12. e5 dxe5 13. fxe5 Nfd7 14. Bf4 Nc5 15. Bxb7 Qxb7 16. Qg4 Rd8 17. Bh6 Bf8 18. b4 Kh8 19. Bg5 Rxd4 20. Qxd4 Nc6 21. Qf4 Nd7 22. Qxf7 Bxb4 23. Ne2 Ncxe5 24. Qxe6 Qe4 25. Ng3 Qxc2 26. Rac1 Qg6 27. Qxg6 Nxg6 28. Rc7 Ndf8 29. Rfc1 Bd6 30. Rc8 Ra7 31. Nf5 Be5 32. Be7 Kg8 33. Rf1 h6 34. Bxf8 Nxf8 35. Nxh6+ gxh6 36. Rcxf8+ Kg7 37. Re8 Bc3 38. Re3 b4 39. Re6 a5 40. g4 a4 41. Rc6 a3 42. Rd1 Re7 43. Rb6 Kh7 44. Kg2 Rf7 45. Rd5 Be1 46. Rf5 Rd7 47. Rff6 Bc3 48. Rxh6+ Kg7 49. Rhc6 Ra7 50. h4 Be1 51. Rg6+ Kf7 52. Rbf6+ Ke7 53. Rf3 Bc3 54. Rb6 Ra8 55. g5 Rh8 56. g6 Rxh4 57. Rf7+ Ke8 58. Rb8# 1-0